| 000 | 01539nam a2200241Ia 4500 | ||
|---|---|---|---|
| 003 | Ost | ||
| 005 | 20260507074944.0 | ||
| 008 | 260507s9999||||xx |||||||||||||| ||und|| | ||
| 040 | _cfsecg | ||
| 041 | _aara | ||
| 082 | _a658.81 | ||
| 100 |
_aيوسف، موسى _eمؤلف |
||
| 245 | 0 |
_aالبضاعة الراكدة في الشركات التجارية (اسبابها وطرق التخلص منها) / _c موسى يوسف |
|
| 260 |
_aعمان: _bدار زهران للنشر, _c2008 |
||
| 300 |
_a419 صفحة؛ _c24 سم |
||
| 520 | _aيحتوي الكتاب على الفصول التالية:إدارة المخزون،تخطيط المخزون،المخزون،تخطيط المخزون و مراقبته في حالة الطلب الثابت،نماذج تخطيط المخزون و مراقبته في حالتي الطلب المتغير و الطلب العشوائي،تخطيط مستويات المخزون،الممارسات العملية في إدارة المشتريات و المخزون،الممارسات اليابانية لأساليب إدارة المشتريات و المخزون،سلوك المستهلك،السلع و الخدمات،الترويج،قنوات التوزيع،التسويق الدولي،الطرق الناجحة للتخلص من المخزون الراكد. | ||
| 653 | _aادارة المخزون | ||
| 653 | _aالمخزونات | ||
| 653 | _aبضاعة راكدة | ||
| 653 | _aسلوك المستهلك | ||
| 653 | _aشركات تجارية | ||
| 942 | _cكتاب | ||
| 999 |
_c41951 _d41951 |
||